| 000 | 00360nam a2200109Ia 4500 | ||
|---|---|---|---|
| 008 | 201216s9999 xx 000 0 und d | ||
| 100 | _aGuest, David and Kenny, Terence ed. | ||
| 245 | 2 | _aA Textbook of Techniques and Strategies in Personnel Management | |
| 260 |
_aLondon _bInstitute of Personnel Management |
||
| 300 | _a336 | ||
| 942 | _cBK | ||
| 999 |
_c6371 _d6371 |
||